Reeducación motora en la hemiplejía (Registro nro. 79969)

Detalles MARC
000 -ENCABEZADO
Número de control [NR] 00657nam a2200181Ia 4500
008 - DE LONGITUD FIJA DE DATOS DE ELEMENTOS - INFORMACIÓN GENERAL
Elementos de longitud fija [NR] 130821s1977 sp gr spa
040 ## - FUENTE DE CATALOGACION [NR]
Agencia de catalogación original [NR] Co-BoUCM
Idioma de catalogación [NR] spa
041 00 - CODIGO DE IDIOMA [R]
Código de idioma para texto/pista de sonido o título separado [R] Español
060 ## - SIGNATURA TOPOGRAFICA DE LA BIBLIOTECA NACIONAL DE MEDICINA (NLM) [R]
Número clasificador [R] WL 346
Número de ítem [NR] B897r 1a. ed.
100 ## - ASIENTO PRINCIPAL--NOMBRE PERSONAL [NR]
Nombre personal [NR] Brunnstrom, Signe
ID Autoridad 170327
245 00 - MENCION DE TITULO [NR]
Título [NR] Reeducación motora en la hemiplejía
Parte restante del título [NR] fundamentos neurofisiológicos
Mención de responsabilidad, etc. [NR] Signe Brunnstrom ; versión española María Victoria Corbo de Valls
250 ## - MENCION DE EDICION [NR]
Mención de edición [NR] 1a. ed.
260 ## - PUBLICACION, DISTRIBUCION, ETC. (PIE DE IMPRENTA) [R]
Lugar de publicación, distribución, etc. [R] Barcelona (España)
Nombre del editor, distribuidor, etc. [R] Jims
Fecha de publicación, distribución, etc. [R] 1977
300 ## - DESCRIPCION FISICA [R]
Extensión [R] 205 páginas
500 ## - NOTA GENERAL [R]
Nota general [NR] Título original : Movement Theoropy in hemiplegia
650 04 - ASIENTO SECUNDARIO DE MATERIA - TERMINO TEMATICO [R]
Término temático o nombre geográfico como elemento de entrada [NR] Neurología
9 (RLIN) 20299
942 ## - ELEMENTOS DE ENTRADA AGREGADOS (KOHA)
Tipo de ítem principal el descrito en 300a Libro
Tema principal Medicina
Edición 1
Parte restante de la signatura top. B897r
Sistema de clasificación NLM
Clasificación WL 346
Título oculto en OPAC No
Existencias
Fecha de último préstamo Total préstamos Total Renewals Signatura topográfica Código de barras Última vez visto Volúmen / Fascículo Ejemplar Price effective from Tipo de ítem Perdido Sistema de clasificación Dañado No prestable Tipo de ítem específico Suprimido Ubicación habitual Ubicación actual Localización Fecha de creación Forma de adquisición Costo
22/11/2022 52 11 WL 346 B897r 200002913 11/12/2025 1a. Ed. Ej.1 03/02/2013 Libro   NLM     Libro   Quinta de Mutis Quinta de Mutis 2do piso 28/02/2003 Compra 0.00